000 00433nam a22001577a 4500
008 220707b |||||||| |||| 00| 0 eng d
020 _a0470850343
050 _aRC660.4
_b.C53 2004
100 _aClark, Marie
245 _aUnderstanding Diabetes/
_cMarie Clark
260 _aHoboken
_bJohn Wiley
_c2004
300 _axi, 122p.
650 _aDiabetes
_vpopular works
650 _aDiabetes
_bpsychological aspects
942 _2lcc
_cBK
999 _c19375
_d19374